WORLD EXECUTIVE DIGEST THE EXECUTIVE AS FAMILY MAN (Record no. 581027)
[ view plain ]
| 000 -LEADER | |
|---|---|
| fixed length control field | 00244nam a22000977a 4500 |
| 082 ## - DEWEY DECIMAL CLASSIFICATION NUMBER | |
| Classification number | 658 WOR'L |
| 245 ## - TITLE STATEMENT | |
| Title | WORLD EXECUTIVE DIGEST THE EXECUTIVE AS FAMILY MAN |
| 260 ## - PUBLICATION, DISTRIBUTION, ETC. | |
| Place of publication, distribution, etc. | KENNEDY |
| Name of publisher, distributor, etc. | 1982 |
| Date of publication, distribution, etc. | TERRENCE A. DEAL |
| 300 ## - PHYSICAL DESCRIPTION | |
| Extent | 128P VOL-2 |
| 942 ## - ADDED ENTRY ELEMENTS (KOHA) | |
| Koha item type | Book |
| Withdrawn status | Lost status | Damaged status | Not for loan | Permanent Location | Current Location | Shelving location | Date acquired | Total Checkouts | Full call number | Barcode | Date last seen | Price effective from | Koha item type |
|---|---|---|---|---|---|---|---|---|---|---|---|---|---|
| College of Electrical & Mechanical Engineering (CEME) | College of Electrical & Mechanical Engineering (CEME) | General Stacks | 05/22/2017 | 658 WOR'L | CEME-142511 | 06/28/2021 | 06/28/2021 | Book |
